000 00821nam a22002177a 4500
999 _c3303
_d3303
001 3303
003 BD-JhCC
005 20171112182335.0
008 171112s1962 ii |||| |||| 000 0 ben d
035 _a(BD-JhCC)3303
040 _aBD-JhCC
_dBD-JhCC
041 _aben
082 _a891.4409
_bNAT 1962
100 _aনাথ,শ্রী দ্বিজেন্দ্রলাল
245 _aমোহিতলালের কাব্য পরিক্রমা /
_cশ্রী দ্বিজেন্দ্রলাল নাথ
260 _aকলকাতা:
_bমডার্ণ বুক এজেন্সী প্রাইভেট লিমিটেড,
_c১৯৬২.
300 _a১৪৭ পৃ. :
_c১৮ সেমি.
650 _aBengali Literature
942 _2ddc
_cBK